The Hunger Games: Mockingjay Deaths Quiz Stats

Quiz Updated Nov 24, 2015

Challenge
Share
Tweet
Embed
Score 0/16 Timer 06:00
0 Plays Today
Character % Correct
Prim
91.4%
President Snow
85.8%
Finnick Odair
84.8%
President Coin
77.8%
Boggs
55.7%
Castor
40.9%
Leeg 1
38%
Leeg 2
37.8%
Character % Correct
Jackson
35.3%
Mitchell
28.2%
Messalla
22.8%
Portia
22.4%
Homes
22.4%
Darius
16.3%
Lavinia
12.8%
Eddy
9.4%

You're not logged in!

Compare scores with friends on all Sporcle quizzes.
Join for Free
OR
Log In

You Might Also Like...

Show Comments

Extras

Top Quizzes Today


Score Distribution

Your Account Isn't Verified!

In order to create a playlist on Sporcle, you need to verify the email address you used during registration. Go to your Sporcle Settings to finish the process.

Report this User

Report this user for behavior that violates our Community Guidelines.

Details: